000
00317nam a22001337a 4500
020
_a
978-9384378028
041
_a
ENG
100
_a
Jain.N.K
245
_a
A Text Book Of Practicals In Electrical Engineering
260
_a
Delhi
_b
Dhanpat Rai Pub
_c
2000
300
_a
236
650
_a
EOES
856
_u
EOES ( 14 )
999
_c
1110
_d
1110